000
00394nam a2200133Ia 4500
008
151001s9999||||xx |||||||||||||| ||und||
100
_a
विजया इंगोले
245
_a
डॉ.बाबासाहेब आंबेडकरांची
250
_a
1
260
_b
स्वरूप प्रकाशन
260
_c
2007
300
_a
480
365
_b
21
999
_c
998073
_d
998070